MARC

LEADER 00000nam0a2200000 4500
001 312085
005 20231102002442.0
035 |a (RuTPU)RU\TPU\book\337452 
035 |a RU\TPU\book\34325 
090 |a 312085 
100 |a 20151217d1967 m y0rusy50 ca 
101 0 |a rus 
102 |a RU 
105 |a a j 001zy 
200 1 |a Теория механизмов и машин  |e учебник  |f В. А. Юдин, Л. В. Петрокас 
210 |a Москва  |c Высшая школа  |d 1967 
215 |a 528 с.  |c ил. 
320 |a Библиогр.: с. 523. 
606 1 |a Механизмы и машины  |x Теория  |2 stltpush  |3 (RuTPU)RU\TPU\subj\64695  |9 81456 
610 1 |a теория 
610 1 |a учебники 
610 1 |a кинематика 
610 1 |a структура 
610 1 |a классификация 
610 1 |a циклограммы 
610 1 |a рычажные механизмы 
610 1 |a проектирование 
610 1 |a ЭВМ 
610 1 |a кулачковые механизмы 
610 1 |a плоские механизмы 
610 1 |a пространственные механизмы 
610 1 |a зубчатые механизмы 
610 1 |a зацепления 
610 1 |a динамика 
610 1 |a трение 
610 1 |a коэффициент полезного действия 
610 1 |a КПД 
610 1 |a движение 
610 1 |a регулирование 
610 1 |a уравновешивание 
610 1 |a контрольные вопросы 
675 |a 621.01(075.8)  |v 3 
700 1 |a Юдин  |b В. А.  |g Владимир Андреевич 
701 1 |a Петрокас  |b Л. В.  |g Леонид Венедиктович 
801 2 |a RU  |b 63413507  |c 20220222  |g PSBO 
900 |a Прикладная механика 
900 |a Теория машин и механизмов 
942 |c BK